Giáo trình kế hoạch hoá phát triển
Bewaard in:
| Hoofdauteur: | |
|---|---|
| Formaat: | Boek |
| Taal: | Undetermined |
| Gepubliceerd in: |
Đại học Kinh tế Quốc dân
2019
|
| Onderwerpen: | |
| Tags: |
Voeg label toe
Geen labels, Wees de eerste die dit record labelt!
|
| Thư viện lưu trữ: | Trung tâm Thư viện - Trường Đại học Công nghiệp TP. Hồ Chí Minh |
|---|
| LEADER | 00550nam a2200157Ia 4500 | ||
|---|---|---|---|
| 001 | IUH_2025_00113 | ||
| 008 | 251224s9999 xx 000 0 und d | ||
| 082 | |a 338.9 | ||
| 100 | |a Ngô, Thắng Lợi | ||
| 245 | 0 | |a Giáo trình kế hoạch hoá phát triển | |
| 245 | 0 | |c Ngô, Thắng Lợi | |
| 260 | |b Đại học Kinh tế Quốc dân | ||
| 260 | |c 2019 | ||
| 650 | |a Phát triển kinh tế; | ||
| 927 | |a Sách | ||
| 980 | |a Trung tâm Thư viện - Trường Đại học Công nghiệp TP. Hồ Chí Minh | ||